000 00721cam a2200217 a 4500
001 000015568
005 20250520113530.0
008 000609s1999 cu a b 000 0 spa d
020 _a9597054345
035 _a(UyMoLRL)lr 11204
040 _aDO-SdBNP
_bspa
_cBNPHU
082 _a141
_bG643
100 1 _aGonzález Serra, Diego Jorge.
_935126
245 1 0 _aMartí y la ciencia del espiritu /
_cDiego Jorge González Serra.
260 _aCiudad de La Habana :
_bSI-MAR,
_cc1999.
300 _a102 p. :
_bil. ;
_c22 cm.
504 _aIncluye referencias bibliográficas y notas al pie de las páginas.
600 1 0 _aMartí, José,
_d1853-1895
_9645
650 0 _aPsicología
_9152
910 _aCatalogación por copia / LC
999 _c15124
_d15124